Geldtheorie Vorlesung auf der Allgemeinen Gleichgewichtstheorie und der Institutionenökonomik

Salvato in:
Dettagli Bibliografici
Autore principale: Richter, Rudolf
Natura: Libro
Lingua:tedesco
Pubblicazione: London Springer 1990
Edizione:2. durchgeseh. und ergänzte Aufl.
Tags: Aggiungi Tag
Nessun Tag, puoi essere il primo ad aggiungerne!!

MARC

LEADER 00000nam a2200000 4500
001 c028214
005 20221215124429.6
041 0 |a ger 
044 |a GB 
245 1 0 |a Geldtheorie  |b Vorlesung auf der Allgemeinen Gleichgewichtstheorie und der Institutionenökonomik  |c Rudolf Richter 
250 |a 2. durchgeseh. und ergänzte Aufl. 
264 1 |a London  |b Springer  |c 1990 
300 |a 398 s. 
100 1 |a Richter, Rudolf